000 00270nam a22001097a 4500
008 230620b xxu||||| |||| 00| 0 eng d
082 _a320.44
_bFCO
100 _cForeign and Commonwealth Office
245 _aBritish Democracy in Action
300 _a16p
942 _2ddc
_cBK
999 _c1680
_d1680